| Tag |
First Indicator |
Second Indicator |
Subfields |
| LEADER |
00000cam a2200000 4500 |
| 001 |
in00000445821 |
| 005 |
20151012084756.0 |
| 008 |
790731s1935 enkf 00010 eng |
| 010 |
|
|
|a 36009336
|
| 035 |
|
|
|a (OCoLC)05225575
|
| 035 |
|
|
|9 ABY1999AM
|
| 040 |
|
|
|a DLC
|c CLE
|d TXA
|d UtOrBLW
|
| 041 |
1 |
|
|a eng
|a fre
|
| 049 |
|
|
|a TXAM
|c [315661]
|
| 050 |
|
0 |
|a GR360.M6
|b L4
|
| 082 |
0 |
|
|a 398.30964
|
| 092 |
|
|
|a 398.3
|b L512f, 1935
|
| 100 |
1 |
|
|a Legey,
|c doctoresse
|q (Françoise)
|
| 245 |
1 |
4 |
|a The folklore of Morocco /
|c by Dr. Francoise Legey; translated from the French by Lucy Hotz; preface by Marshal Lyautey.
|
| 264 |
|
1 |
|a London :
|b G. Allen & Unwin, ltd.,
|c [1935]
|
| 300 |
|
|
|a 3 pages ., 9-277 pages, 1 unnumbered page :
|b plates. ;
|c 22 cm.
|
| 336 |
|
|
|a text
|b txt
|2 rdacontent
|
| 337 |
|
|
|a unmediated
|b n
|2 rdamedia
|
| 338 |
|
|
|a volume
|b nc
|2 rdacarrier
|
| 650 |
|
0 |
|a Folklore
|z Morocco.
|
| 650 |
|
0 |
|a Magic
|z Morocco.
|
| 650 |
|
0 |
|a Rites and ceremonies
|z Morocco.
|
| 700 |
1 |
|
|a Hotz, Lucy.
|
| 999 |
|
|
|a MARS
|
| 999 |
f |
f |
|s 3daec4b8-12d6-302f-8449-13028e84f857
|i 22dc31c9-b5dd-33c6-9072-4127abc2abdc
|t 0
|
| 952 |
f |
f |
|p ric
|a Texas A&M University
|b Rellis Campus
|c Joint Library Facility
|d Remote Storage
|t 0
|e GR360.M6 L4
|h Library of Congress classification
|i unmediated -- volume
|m A14800889427
|
| 998 |
f |
f |
|a GR360.M6 L4
|t 0
|l Remote Storage
|